00498nam a22001337a 4500008004100000082001600041100002700057245010600084260003200190300002000222942001200242999001500254952009500269230629b xxu||||| |||| 00| 0 eng d a346.06bEAC cEast African Community aEast African Communityb9th Extra-ordinary meeting of the Council of MinisterscReport of the Meeting aArusha, TanzaniabEACc2004 avarious panging 2ddccBK c3071d3071 00102ddc4070a002b002d2023-06-29l0o346.06 EACp10008138r2023-06-29w2023-06-29yBK